000 00719nam a22002417a 4500
003 UA-OsUOA
001 76374
007 ta
008 20110630b un ||||| |||| 00| 0 ukr d
100 _aДоценко А.І.
090 _a911.3(477)
_bД71
942 _cBK
040 _aUA-OsUOA
_bukr
_cUA-OsUOA
_dUA-OsUOA
245 _aТериторіальна організація розселення (теорія і практика)
_bмонографія
300 _a536 с.
955 _a1
041 _aukr
080 _a911.3(477)
020 _a978-966-651-832-6
260 _aК.
_bФенікс
_c2010
650 7 _a911 Теоретичнії питання з географії
_2UDC
999 _c362677
_d362677